00998nam a2200217 a 450000100100000000500170001000800410002702000150006804000250008310000520010824500860016026000680024630000200031449000350033470000250036983000420039495201110043695201050054795201110065299900170076300004028120240503073631.0130802s2006 mx 000 0 spa d a970323769X aDO-SdBNPbspacBNPHU1 aCervantes Saavedra, Miguel de,d1547-16169307010aLa ilustre fregona /cMiguel de Cervantes Saavedra ; introducción David Huerta. aMéxico :bUniversidad Nacional Autónoma de México,c2006. a81 p. ;c18 cm.1 aRelato Licenciado Vidrierav371 aHuerta, David966556 0aRelato Licenciado Vidrierav38966234 001050718MOaGRbGRcCTd2013-08-21iLF1l0o p40281-10r2020-06-25te. 3w2020-06-25y1ZNo se presta 001050718MOaGRbGRcCTd2013-08-21iLF1l0o p40281-20r2020-06-25w2020-06-25y1ZNo se presta 001050718MOaGRbGRcCTd2013-08-21iLF1l0o p40281-30r2020-06-25te. 2w2020-06-25y1ZNo se presta c39771d39771